[Event "WCO2014"]
[Site "Tromso"]
[Date "2014.08.05"]
[Round "4.41"]
[WhiteID "1203975"]
[White "Vajda Levente"]
[BlackID "2908549"]
[Black "Dimitrov Radoslav"]
[Result "1/2-1/2"]
[LiveChessVersion "1.4.3"]
[BlackElo "2461"]
[WhiteElo "2561"]

1. e4 {[%clk 1:30:56]} c6 {[%clk 1:30:52]} 2. d4 {[%clk 1:31:22]} d5
{[%clk 1:31:17]} 3. e5 {[%clk 1:31:48]} Bf5 {[%clk 1:31:38]} 4. Nf3
{[%clk 1:32:13]} e6 {[%clk 1:31:59]} 5. Be2 {[%clk 1:32:37]} Nd7 {[%clk 1:31:55]}
6. O-O {[%clk 1:32:57]} Ne7 {[%clk 1:32:03]} 7. Nbd2 {[%clk 1:33:22]} Nc8
{[%clk 1:05:21]} 8. Re1 {[%clk 1:22:47]} Be7 {[%clk 1:03:04]} 9. Nf1
{[%clk 1:21:14]} O-O {[%clk 1:02:43]} 10. Ng3 {[%clk 1:11:16]} Bg6
{[%clk 1:02:26]} 11. Bd3 {[%clk 1:11:33]} c5 {[%clk 0:46:01]} 12. Bxg6
{[%clk 1:11:49]} hxg6 {[%clk 0:46:25]} 13. c3 {[%clk 1:12:13]} a6
{[%clk 0:46:01]} 14. Ne2 {[%clk 1:11:27]} Na7 {[%clk 0:45:32]} 15. Nf4
{[%clk 1:11:37]} g5 {[%clk 0:42:13]} 16. Nd3 {[%clk 1:08:07]} b6 {[%clk 0:27:43]}
17. h3 {[%clk 0:57:39]} Nc6 {[%clk 0:26:55]} 18. Bd2 {[%clk 0:57:58]} Rc8
{[%clk 0:24:29]} 19. Qa4 {[%clk 0:53:36]} cxd4 {[%clk 0:14:26]} 20. Nxd4
{[%clk 0:45:25]} Nxd4 {[%clk 0:12:35]} 21. Qxd4 {[%clk 0:45:49]} Rc4
{[%clk 0:12:17]} 22. Qe3 {[%clk 0:46:10]} Re4 {[%clk 0:05:30]} 23. Qg3
{[%clk 0:45:59]} Nc5 {[%clk 0:05:49]} 24. Rad1 {[%clk 0:30:28]} Rxe1+
{[%clk 0:05:22]} 25. Bxe1 {[%clk 0:25:48]} Ne4 {[%clk 0:05:30]} 26. Qe3
{[%clk 0:19:50]} Qc7 {[%clk 0:05:43]} 27. Qe2 {[%clk 0:19:56]} b5
{[%clk 0:04:46]} 28. f3 {[%clk 0:17:40]} Nc5 {[%clk 0:04:58]} 29. Nxc5
{[%clk 0:16:46]} Qxc5+ {[%clk 0:04:43]} 30. Rd4 {[%clk 0:17:03]} Qb6
{[%clk 0:02:45]} 31. Bf2 {[%clk 0:16:27]} Bc5 {[%clk 0:01:03]} 32. Rg4
{[%clk 0:16:52]} Rc8 {[%clk 0:00:44]} 33. Bxc5 {[%clk 0:11:40]} Qxc5+
{[%clk 0:00:41]} 34. Kh1 {[%clk 0:11:30]} Qe7 {[%clk 0:00:34]} 35. Qd2
{[%clk 0:10:56]} a5 {[%clk 0:00:44]} 36. a4 {[%clk 0:10:24]} bxa4
{[%clk 0:00:36]} 37. Rxa4 {[%clk 0:10:44]} Qd8 {[%clk 0:00:33]} 38. Rd4
{[%clk 0:08:16]} Qe7 {[%clk 0:00:42]} 39. Rg4 {[%clk 0:02:36]} Rb8
{[%clk 0:01:10]} 40. c4 {[%clk 0:02:54]} dxc4 {[%clk 0:00:45]} 41. Rxc4
{[%clk 0:03:09]} Qd8 {[%clk 0:28:14]} 42. Qxd8+ {[%clk 0:21:48]} Rxd8
{[%clk 0:28:42]} 43. Rc5 {[%clk 0:22:12]} Rb8 {[%clk 0:28:25]} 44. Rxa5
{[%clk 0:21:52]} Rxb2 {[%clk 0:28:51]} 45. Kh2 {[%clk 0:19:18]} Kh7
{[%clk 0:22:30]} 46. Ra4 {[%clk 0:18:25]} Re2 {[%clk 0:22:26]} 47. Re4
{[%clk 0:17:22]} Rxe4 {[%clk 0:22:46]} 48. fxe4 {[%clk 0:17:48]} Kg6
{[%clk 0:22:46]} 49. g4 {[%clk 0:16:41]} f5 {[%clk 0:09:39]} 50. exf5+
{[%clk 0:16:57]} exf5 {[%clk 0:10:02]} 51. gxf5+ {[%clk 0:17:19]} Kxf5
{[%clk 0:10:26]} 52. Kg3 {[%clk 0:17:44]} Kxe5 {[%clk 0:10:48]} 53. Kf3
{[%clk 0:18:03]} Kf6 {[%clk 0:10:35]} 54. Kg3 {[%clk 0:18:24]} Kf7
{[%clk 0:07:14]} 55. Kf3 {[%clk 0:18:49]} Kf6 {[%clk 0:03:39]} 56. Kg3
{[%clk 0:19:13]} Ke5 {[%clk 0:02:26]} 57. Kf3 {[%clk 0:19:33]} Kf5
{[%clk 0:02:49]} 58. Kg3 {[%clk 0:19:50]} g4 {[%clk 0:02:16]} 59. hxg4+
{[%clk 0:20:09]} Kg5 {[%clk 0:02:45]} 60. Kf3 {[%clk 0:20:20]} Kh4
{[%clk 0:03:02]} 61. Kf4 {[%clk 0:20:45]} g6 {[%clk 0:03:08]} 62. g5
{[%clk 0:20:27]} Kh5 {[%clk 0:03:04]} 63. Kf3 {[%clk 0:20:54]} Kxg5
{[%clk 0:03:21]} 64. Kg3 {[%clk 0:21:20]} 1/2-1/2

[Event "WCO2014"]
[Site "Tromso"]
[Date "2014.08.05"]
[Round "4.13"]
[WhiteID "14200244"]
[White "Kasimdzhanov Rustam"]
[BlackID "4650891"]
[Black "Naiditsch Arkadij"]
[Result "1-0"]
[LiveChessVersion "1.4.3"]
[BlackElo "2709"]
[WhiteElo "2700"]

1. d4 {[%clk 1:30:58]} Nf6 {[%clk 1:30:53]} 2. c4 {[%clk 1:31:23]} g6
{[%clk 1:31:16]} 3. Nc3 {[%clk 1:31:49]} Bg7 {[%clk 1:31:39]} 4. e4
{[%clk 1:32:15]} d6 {[%clk 1:32:02]} 5. Nf3 {[%clk 1:32:41]} O-O {[%clk 1:32:23]}
6. Be2 {[%clk 1:33:08]} e5 {[%clk 1:32:44]} 7. O-O {[%clk 1:33:33]} Nc6
{[%clk 1:33:07]} 8. d5 {[%clk 1:33:58]} Ne7 {[%clk 1:33:27]} 9. b4
{[%clk 1:34:26]} Nh5 {[%clk 1:28:33]} 10. Re1 {[%clk 1:34:20]} c6
{[%clk 1:22:49]} 11. dxc6 {[%clk 1:25:52]} bxc6 {[%clk 1:20:44]} 12. b5
{[%clk 1:23:19]} Nf4 {[%clk 1:19:21]} 13. Bxf4 {[%clk 1:12:43]} exf4
{[%clk 1:18:35]} 14. Qd2 {[%clk 1:12:58]} a6 {[%clk 1:13:06]} 15. Rac1
{[%clk 1:01:39]} axb5 {[%clk 1:05:11]} 16. cxb5 {[%clk 1:01:50]} Qa5
{[%clk 1:04:46]} 17. Red1 {[%clk 0:44:08]} Bxc3 {[%clk 0:32:18]} 18. Qxc3
{[%clk 0:39:37]} Qxc3 {[%clk 0:32:17]} 19. Rxc3 {[%clk 0:39:56]} Rxa2
{[%clk 0:31:15]} 20. Bf1 {[%clk 0:35:29]} d5 {[%clk 0:14:07]} 21. exd5
{[%clk 0:33:19]} cxd5 {[%clk 0:14:35]} 22. Rc7 {[%clk 0:15:55]} Nf5
{[%clk 0:14:53]} 23. Rxd5 {[%clk 0:13:45]} Be6 {[%clk 0:15:15]} 24. Rd1
{[%clk 0:12:13]} Rb2 {[%clk 0:15:36]} 25. Rcc1 {[%clk 0:09:56]} Rb8
{[%clk 0:14:45]} 26. Ng5 {[%clk 0:07:02]} Bb3 {[%clk 0:11:40]} 27. Rb1
{[%clk 0:03:06]} Rxb1 {[%clk 0:11:48]} 28. Rxb1 {[%clk 0:03:32]} Nd4
{[%clk 0:12:10]} 29. f3 {[%clk 0:03:50]} h6 {[%clk 0:04:19]} 30. Ne4
{[%clk 0:04:07]} Rc8 {[%clk 0:01:06]} 31. Nd6 {[%clk 0:01:12]} Rb8
{[%clk 0:01:31]} 32. Ne4 {[%clk 0:01:21]} Rc8 {[%clk 0:02:00]} 33. Nd6
{[%clk 0:00:39]} Rb8 {[%clk 0:02:27]} 34. Rb2 {[%clk 0:01:00]} Kf8
{[%clk 0:02:05]} 35. Ne4 {[%clk 0:00:54]} Rc8 {[%clk 0:01:48]} 36. b6
{[%clk 0:01:23]} Bd5 {[%clk 0:00:36]} 37. b7 {[%clk 0:01:21]} Rb8
{[%clk 0:00:54]} 38. Nc5 {[%clk 0:00:48]} Bc6 {[%clk 0:01:23]} 39. Rb4
{[%clk 0:00:51]} Nf5 {[%clk 0:00:39]} 40. Rb6 {[%clk 0:00:43]} Ne7
{[%clk 0:00:36]} 41. Bb5 {[%clk 0:29:35]} 1-0

[Event "WCO2014"]
[Site "Tromso"]
[Date "2014.08.05"]
[Round "4.14"]
[WhiteID "4675789"]
[White "Meier Georg"]
[BlackID "14200988"]
[Black "Filippov Anton"]
[Result "1-0"]
[LiveChessVersion "1.4.3"]
[BlackElo "2615"]
[WhiteElo "2646"]

1. Nf3 {[%clk 1:30:58]} Nf6 {[%clk 1:30:42]} 2. c4 {[%clk 1:31:13]} e6
{[%clk 1:31:06]} 3. g3 {[%clk 1:31:38]} d5 {[%clk 1:31:01]} 4. Bg2
{[%clk 1:32:03]} dxc4 {[%clk 1:28:00]} 5. Qa4+ {[%clk 1:31:59]} Nbd7
{[%clk 1:28:07]} 6. Qxc4 {[%clk 1:32:21]} a6 {[%clk 1:28:27]} 7. Qc2
{[%clk 1:32:44]} c5 {[%clk 1:28:14]} 8. Nc3 {[%clk 1:33:08]} Ra7 {[%clk 1:27:16]}
9. O-O {[%clk 1:25:48]} b6 {[%clk 1:27:21]} 10. d4 {[%clk 1:15:17]} Bb7
{[%clk 1:26:38]} 11. e4 {[%clk 1:14:00]} cxd4 {[%clk 1:20:06]} 12. Nxd4
{[%clk 1:14:24]} Bc5 {[%clk 1:10:45]} 13. Nb3 {[%clk 1:12:21]} Be7
{[%clk 1:07:08]} 14. Rd1 {[%clk 1:03:53]} Qb8 {[%clk 0:52:55]} 15. Bf4
{[%clk 0:58:59]} e5 {[%clk 0:49:13]} 16. Be3 {[%clk 0:58:41]} O-O
{[%clk 0:47:19]} 17. Rac1 {[%clk 0:56:39]} Ba8 {[%clk 0:42:53]} 18. Qe2
{[%clk 0:53:47]} Rc8 {[%clk 0:38:47]} 19. Nd5 {[%clk 0:39:59]} Bd8
{[%clk 0:30:17]} 20. Nxf6+ {[%clk 0:25:57]} Nxf6 {[%clk 0:29:20]} 21. Rxc8
{[%clk 0:26:12]} Qxc8 {[%clk 0:29:35]} 22. Bh3 {[%clk 0:26:37]} Qb8
{[%clk 0:28:54]} 23. f3 {[%clk 0:26:57]} Bc6 {[%clk 0:22:52]} 24. Qd3
{[%clk 0:20:38]} Ra8 {[%clk 0:21:37]} 25. Qd6 {[%clk 0:17:56]} Bb5
{[%clk 0:20:47]} 26. Qxb8 {[%clk 0:17:27]} Rxb8 {[%clk 0:21:14]} 27. Rc1
{[%clk 0:17:33]} Ne8 {[%clk 0:18:20]} 28. Nd2 {[%clk 0:17:19]} Nd6
{[%clk 0:18:31]} 29. b3 {[%clk 0:16:31]} Kf8 {[%clk 0:12:35]} 30. f4
{[%clk 0:11:44]} f6 {[%clk 0:12:31]} 31. Nf3 {[%clk 0:04:39]} Nxe4
{[%clk 0:06:13]} 32. Bf5 {[%clk 0:03:03]} Nd6 {[%clk 0:05:59]} 33. Bxh7
{[%clk 0:03:32]} e4 {[%clk 0:05:36]} 34. Nd4 {[%clk 0:03:24]} Kf7
{[%clk 0:05:11]} 35. f5 {[%clk 0:03:30]} Bd7 {[%clk 0:04:44]} 36. Nc6
{[%clk 0:02:40]} Bxc6 {[%clk 0:02:42]} 37. Rxc6 {[%clk 0:03:08]} Nc8
{[%clk 0:02:45]} 38. Bg6+ {[%clk 0:02:22]} Kf8 {[%clk 0:03:12]} 39. Re6
{[%clk 0:01:58]} Ne7 {[%clk 0:03:41]} 40. Rxe4 {[%clk 0:00:49]} Bc7
{[%clk 0:04:05]} 41. Re6 {[%clk 0:00:45]} Rd8 {[%clk 0:02:29]} 42. Bxb6
{[%clk 0:29:28]} Bxb6+ {[%clk 0:27:31]} 43. Rxb6 {[%clk 0:29:40]} a5
{[%clk 0:26:40]} 44. h4 {[%clk 0:27:26]} Nd5 {[%clk 0:25:06]} 45. Re6
{[%clk 0:26:25]} Nb4 {[%clk 0:25:32]} 46. a4 {[%clk 0:26:04]} Nc2
{[%clk 0:26:00]} 47. Kf2 {[%clk 0:24:06]} Rb8 {[%clk 0:21:42]} 48. Ra6
{[%clk 0:23:58]} Rxb3 {[%clk 0:21:16]} 49. Ra8+ {[%clk 0:20:17]} Ke7
{[%clk 0:21:39]} 50. Ra7+ {[%clk 0:20:45]} Kd6 {[%clk 0:21:30]} 51. Rxg7
{[%clk 0:21:02]} Ne3 {[%clk 0:21:24]} 52. Ra7 {[%clk 0:18:49]} Ng4+
{[%clk 0:17:31]} 53. Ke2 {[%clk 0:19:14]} Rb2+ {[%clk 0:15:51]} 54. Kd3
{[%clk 0:17:02]} Rb3+ {[%clk 0:15:42]} 55. Kd2 {[%clk 0:16:50]} Rxg3
{[%clk 0:13:22]} 56. Rxa5 {[%clk 0:16:00]} Nf2 {[%clk 0:10:15]} 57. h5
{[%clk 0:15:21]} Ne4+ {[%clk 0:10:42]} 58. Kc2 {[%clk 0:15:40]} Rh3
{[%clk 0:10:29]} 59. Ra8 {[%clk 0:14:32]} Kc5 {[%clk 0:09:35]} 60. a5
{[%clk 0:14:45]} Kb5 {[%clk 0:03:13]} 61. a6 {[%clk 0:11:14]} Rh2+
{[%clk 0:03:21]} 62. Kd3 {[%clk 0:11:33]} Nc5+ {[%clk 0:03:22]} 63. Kd4
{[%clk 0:11:37]} Rh4+ {[%clk 0:01:17]} 64. Kd5 {[%clk 0:11:38]} Ne4
{[%clk 0:01:41]} 65. Ke6 {[%clk 0:11:32]} Kb6 {[%clk 0:02:06]} 66. Kf7
{[%clk 0:11:49]} 1-0

[Event "WCO2014"]
[Site "Tromso"]
[Date "2014.08.05"]
[Round "4.15"]
[WhiteID "14200236"]
[White "Dzhumaev Marat"]
[BlackID "11600454"]
[Black "Fridman Daniel"]
[Result "1-0"]
[LiveChessVersion "1.4.3"]
[BlackElo "2639"]
[WhiteElo "2510"]

1. e4 {[%clk 1:30:55]} e6 {[%clk 1:30:55]} 2. d4 {[%clk 1:31:09]} d5
{[%clk 1:31:20]} 3. e5 {[%clk 1:31:13]} c5 {[%clk 1:31:44]} 4. c3
{[%clk 1:31:39]} Nc6 {[%clk 1:32:08]} 5. Nf3 {[%clk 1:32:04]} Qb6
{[%clk 1:32:32]} 6. a3 {[%clk 1:31:58]} f6 {[%clk 1:32:18]} 7. Bd3
{[%clk 1:28:48]} fxe5 {[%clk 1:31:33]} 8. dxe5 {[%clk 1:28:00]} c4
{[%clk 1:31:54]} 9. Bc2 {[%clk 1:28:01]} g6 {[%clk 1:25:27]} 10. Qe2
{[%clk 1:01:43]} Bg7 {[%clk 1:10:29]} 11. Be3 {[%clk 1:00:57]} Qc7
{[%clk 1:06:52]} 12. Bf4 {[%clk 1:01:15]} Nh6 {[%clk 1:02:34]} 13. O-O
{[%clk 1:01:35]} O-O {[%clk 1:02:42]} 14. Bg3 {[%clk 1:00:42]} Nf5
{[%clk 1:00:36]} 15. Bxf5 {[%clk 0:51:51]} Rxf5 {[%clk 1:00:55]} 16. Nbd2
{[%clk 0:42:49]} Bd7 {[%clk 0:56:25]} 17. Rfe1 {[%clk 0:42:25]} Raf8
{[%clk 0:31:07]} 18. Nf1 {[%clk 0:41:38]} Qd8 {[%clk 0:29:37]} 19. Rad1
{[%clk 0:38:52]} Rh5 {[%clk 0:26:46]} 20. h3 {[%clk 0:38:10]} b5 {[%clk 0:23:24]}
21. N1h2 {[%clk 0:37:23]} a5 {[%clk 0:23:05]} 22. Ng4 {[%clk 0:37:16]} b4
{[%clk 0:22:39]} 23. axb4 {[%clk 0:22:06]} axb4 {[%clk 0:23:04]} 24. b3
{[%clk 0:21:45]} bxc3 {[%clk 0:18:32]} 25. bxc4 {[%clk 0:22:09]} Nb4
{[%clk 0:18:16]} 26. Rb1 {[%clk 0:07:29]} Qa5 {[%clk 0:17:01]} 27. Nf6+
{[%clk 0:07:03]} Bxf6 {[%clk 0:16:47]} 28. exf6 {[%clk 0:07:29]} c2
{[%clk 0:14:28]} 29. Ra1 {[%clk 0:07:31]} Qc5 {[%clk 0:14:48]} 30. Ne5
{[%clk 0:07:18]} Be8 {[%clk 0:13:25]} 31. Ra8 {[%clk 0:02:22]} Rf5
{[%clk 0:07:13]} 32. Ng4 {[%clk 0:01:14]} Rh5 {[%clk 0:02:25]} 33. f7+
{[%clk 0:00:41]} Bxf7 {[%clk 0:02:49]} 34. Nf6+ {[%clk 0:01:05]} Kg7
{[%clk 0:02:51]} 35. Nd7 {[%clk 0:00:38]} Qc6 {[%clk 0:03:08]} 36. Be5+
{[%clk 0:01:00]} Kh6 {[%clk 0:03:34]} 37. Qd2+ {[%clk 0:01:02]} g5
{[%clk 0:03:56]} 38. Rxf8 {[%clk 0:01:22]} Qxd7 {[%clk 0:02:28]} 39. Qxb4
{[%clk 0:01:46]} dxc4 {[%clk 0:02:53]} 40. Qc3 {[%clk 0:01:04]} Qe7
{[%clk 0:02:32]} 41. Bd6 {[%clk 0:00:42]} Qxd6 {[%clk 0:02:48]} 42. Rxf7
{[%clk 0:01:06]} 1-0

[Event "WCO2014"]
[Site "Tromso"]
[Date "2014.08.05"]
[Round "4.16"]
[WhiteID "4667719"]
[White "Baramidze David"]
[BlackID "14202441"]
[Black "Tillyaev Ulugbek"]
[Result "1-0"]
[LiveChessVersion "1.4.3"]
[BlackElo "2367"]
[WhiteElo "2612"]

1. d4 {[%clk 1:30:56]} Nf6 {[%clk 1:29:36]} 2. c4 {[%clk 1:31:18]} e6
{[%clk 1:29:56]} 3. g3 {[%clk 1:31:39]} Bb4+ {[%clk 1:26:45]} 4. Bd2
{[%clk 1:31:59]} Qe7 {[%clk 1:22:51]} 5. Nf3 {[%clk 1:32:19]} O-O
{[%clk 1:22:02]} 6. Bg2 {[%clk 1:32:33]} b6 {[%clk 1:15:13]} 7. O-O
{[%clk 1:32:10]} Bb7 {[%clk 1:15:32]} 8. Bg5 {[%clk 1:31:52]} h6 {[%clk 1:07:22]}
9. Bxf6 {[%clk 1:31:57]} Qxf6 {[%clk 1:07:48]} 10. a3 {[%clk 1:32:17]} Be7
{[%clk 1:06:41]} 11. Nc3 {[%clk 1:32:35]} d6 {[%clk 0:45:17]} 12. e4
{[%clk 1:22:59]} c6 {[%clk 0:20:31]} 13. e5 {[%clk 1:10:03]} Qf5 {[%clk 0:18:58]}
14. exd6 {[%clk 0:44:34]} Bxd6 {[%clk 0:19:05]} 15. Nb5 {[%clk 0:45:00]} Rd8
{[%clk 0:17:35]} 16. Nxd6 {[%clk 0:44:08]} Rxd6 {[%clk 0:18:00]} 17. b4
{[%clk 0:44:28]} Na6 {[%clk 0:12:03]} 18. c5 {[%clk 0:41:00]} Rdd8
{[%clk 0:10:58]} 19. b5 {[%clk 0:38:56]} Nxc5 {[%clk 0:05:08]} 20. bxc6
{[%clk 0:39:16]} Bxc6 {[%clk 0:00:34]} 21. Nh4 {[%clk 0:39:25]} Qf6
{[%clk 0:00:51]} 22. Bxc6 {[%clk 0:38:57]} Rxd4 {[%clk 0:01:14]} 23. Qf3
{[%clk 0:37:49]} Rc8 {[%clk 0:00:48]} 24. Rfd1 {[%clk 0:35:07]} Qe5
{[%clk 0:00:37]} 25. Rxd4 {[%clk 0:34:25]} Qxd4 {[%clk 0:01:06]} 26. Rd1
{[%clk 0:34:53]} Qe5 {[%clk 0:00:47]} 27. Ng2 {[%clk 0:34:09]} Qb2
{[%clk 0:00:41]} 28. Nf4 {[%clk 0:30:39]} Qc2 {[%clk 0:00:42]} 29. Kg2
{[%clk 0:22:20]} Qf5 {[%clk 0:00:34]} 30. Rd6 {[%clk 0:18:54]} Qe5
{[%clk 0:00:35]} 31. Qd1 {[%clk 0:18:47]} Kh7 {[%clk 0:00:44]} 32. Bf3
{[%clk 0:14:50]} Qc3 {[%clk 0:00:39]} 33. a4 {[%clk 0:11:52]} Qa3
{[%clk 0:00:48]} 34. Rc6 {[%clk 0:09:00]} Rf8 {[%clk 0:00:53]} 35. Rc7
{[%clk 0:07:12]} a6 {[%clk 0:00:32]} 36. Qb1+ {[%clk 0:04:32]} Kg8
{[%clk 0:00:47]} 37. Qxb6 {[%clk 0:04:56]} Nxa4 {[%clk 0:01:14]} 38. Qd4
{[%clk 0:03:21]} Re8 {[%clk 0:00:39]} 39. Nh5 {[%clk 0:02:47]} e5
{[%clk 0:00:33]} 40. Qg4 {[%clk 0:02:49]} 1-0

[Event "WCO2014"]
[Site "Tromso"]
[Date "2014.08.05"]
[Round "4.9"]
[WhiteID "13601520"]
[White "Jobava Baadur"]
[BlackID "5105269"]
[Black "Leon Hoyos Manuel"]
[Result "1-0"]
[LiveChessVersion "1.4.3"]
[BlackElo "2517"]
[WhiteElo "2713"]

1. Nf3 {[%clk 1:30:47]} g6 {[%clk 1:30:12]} 2. c4 {[%clk 1:30:11]} c5
{[%clk 1:29:57]} 3. g3 {[%clk 1:30:25]} Bg7 {[%clk 1:29:48]} 4. Bg2
{[%clk 1:30:48]} Nc6 {[%clk 1:29:27]} 5. Nc3 {[%clk 1:31:06]} d6 {[%clk 1:29:09]}
6. O-O {[%clk 1:31:17]} e6 {[%clk 1:26:59]} 7. a3 {[%clk 1:31:18]} Nge7
{[%clk 1:26:33]} 8. b4 {[%clk 1:31:36]} O-O {[%clk 1:24:29]} 9. Rb1
{[%clk 1:30:10]} b6 {[%clk 1:22:18]} 10. Nb5 {[%clk 1:26:24]} Bb7
{[%clk 1:02:17]} 11. Bb2 {[%clk 1:24:01]} e5 {[%clk 1:00:41]} 12. bxc5
{[%clk 1:19:32]} bxc5 {[%clk 1:00:27]} 13. d3 {[%clk 1:19:21]} Qd7
{[%clk 0:58:35]} 14. Nd2 {[%clk 1:18:21]} f5 {[%clk 0:58:26]} 15. Ba1
{[%clk 1:17:42]} Rab8 {[%clk 0:45:45]} 16. Qa4 {[%clk 1:15:26]} Ba8
{[%clk 0:45:27]} 17. Nc3 {[%clk 1:15:36]} Rbc8 {[%clk 0:45:24]} 18. Nd5
{[%clk 1:12:33]} g5 {[%clk 0:43:02]} 19. e3 {[%clk 1:01:58]} Ng6 {[%clk 0:42:48]}
20. Qd1 {[%clk 0:59:03]} g4 {[%clk 0:40:50]} 21. f3 {[%clk 0:57:22]} h5
{[%clk 0:36:08]} 22. fxg4 {[%clk 0:56:54]} hxg4 {[%clk 0:29:38]} 23. h3
{[%clk 0:57:21]} Nce7 {[%clk 0:24:48]} 24. hxg4 {[%clk 0:54:41]} fxg4
{[%clk 0:20:49]} 25. Qe2 {[%clk 0:53:55]} Kh8 {[%clk 0:12:31]} 26. Be4
{[%clk 0:53:00]} Bxd5 {[%clk 0:09:31]} 27. cxd5 {[%clk 0:53:19]} Rxf1+
{[%clk 0:08:08]} 28. Nxf1 {[%clk 0:52:42]} Bh6 {[%clk 0:06:49]} 29. Nh2
{[%clk 0:51:57]} Rg8 {[%clk 0:04:12]} 30. Nxg4 {[%clk 0:52:20]} Nh4
{[%clk 0:04:06]} 31. Nxe5 {[%clk 0:52:44]} Rxg3+ {[%clk 0:04:00]} 32. Kf2
{[%clk 0:53:11]} Qh3 {[%clk 0:03:34]} 33. Rb8+ {[%clk 0:52:22]} Nc8
{[%clk 0:01:16]} 34. Rxc8+ {[%clk 0:52:43]} Kg7 {[%clk 0:00:56]} 35. Nc6+
{[%clk 0:52:57]} Kf7 {[%clk 0:00:52]} 36. Qh5+ {[%clk 0:53:23]} 1-0

[Event "WCO2014"]
[Site "Tromso"]
[Date "2014.08.05"]
[Round "4.10"]
[WhiteID "5100011"]
[White "Hernandez Guerrero Gilberto"]
[BlackID "13600966"]
[Black "Mchedlishvili Mikheil"]
[Result "1-0"]
[LiveChessVersion "1.4.3"]
[BlackElo "2618"]
[WhiteElo "2519"]

1. e4 {[%clk 1:30:50]} c5 {[%clk 1:30:39]} 2. Nf3 {[%clk 1:31:08]} d6
{[%clk 1:30:32]} 3. Bb5+ {[%clk 1:31:16]} Bd7 {[%clk 1:29:57]} 4. Bxd7+
{[%clk 1:31:32]} Qxd7 {[%clk 1:30:12]} 5. O-O {[%clk 1:31:56]} Nf6
{[%clk 1:29:25]} 6. Re1 {[%clk 1:32:19]} Nc6 {[%clk 1:28:38]} 7. c3
{[%clk 1:32:41]} e6 {[%clk 1:28:04]} 8. d4 {[%clk 1:33:04]} cxd4 {[%clk 1:27:38]}
9. cxd4 {[%clk 1:33:27]} d5 {[%clk 1:27:38]} 10. e5 {[%clk 1:33:48]} Ne4
{[%clk 1:27:33]} 11. Nbd2 {[%clk 1:34:11]} Nxd2 {[%clk 1:27:22]} 12. Bxd2
{[%clk 1:34:35]} Be7 {[%clk 1:27:02]} 13. Rc1 {[%clk 1:34:57]} O-O
{[%clk 1:26:42]} 14. Rc3 {[%clk 1:35:06]} Rfc8 {[%clk 1:18:10]} 15. a3
{[%clk 1:34:06]} Rc7 {[%clk 1:10:21]} 16. Rd3 {[%clk 1:29:24]} Qd8
{[%clk 1:02:50]} 17. h4 {[%clk 1:23:23]} Bf8 {[%clk 0:58:06]} 18. h5
{[%clk 1:05:44]} Rac8 {[%clk 0:58:06]} 19. Nh2 {[%clk 1:04:30]} Ne7
{[%clk 0:34:52]} 20. h6 {[%clk 0:44:47]} g6 {[%clk 0:34:38]} 21. Bg5
{[%clk 0:43:53]} Qd7 {[%clk 0:33:03]} 22. Ng4 {[%clk 0:39:55]} Kh8
{[%clk 0:28:37]} 23. Bf6+ {[%clk 0:35:05]} Kg8 {[%clk 0:29:00]} 24. Qf3
{[%clk 0:32:32]} Nf5 {[%clk 0:25:16]} 25. Bg5 {[%clk 0:31:57]} Qa4
{[%clk 0:25:03]} 26. Qf4 {[%clk 0:30:46]} Kh8 {[%clk 0:19:31]} 27. Nf6
{[%clk 0:27:57]} Rc4 {[%clk 0:10:04]} 28. Red1 {[%clk 0:19:53]} Bc5
{[%clk 0:02:59]} 29. b3 {[%clk 0:15:08]} Nxd4 {[%clk 0:02:44]} 30. Rxd4
{[%clk 0:14:58]} Qxb3 {[%clk 0:02:29]} 31. Ne4 {[%clk 0:10:52]} f5
{[%clk 0:01:06]} 32. Nxc5 {[%clk 0:11:04]} R8xc5 {[%clk 0:01:21]} 33. Be7
{[%clk 0:09:12]} Qxd1+ {[%clk 0:00:43]} 34. Rxd1 {[%clk 0:09:36]} Rxf4
{[%clk 0:01:07]} 35. Bxc5 {[%clk 0:10:00]} b6 {[%clk 0:01:12]} 36. Bd4
{[%clk 0:07:21]} 1-0

[Event "WCO2014"]
[Site "Tromso"]
[Date "2014.08.05"]
[Round "4.11"]
[WhiteID "13602071"]
[White "Pantsulaia Levan"]
[BlackID "5105048"]
[Black "Ibarra Chami Luis Fernando"]
[Result "1-0"]
[LiveChessVersion "1.4.3"]
[BlackElo "2467"]
[WhiteElo "2581"]

1. Nf3 {[%clk 1:30:55]} c5 {[%clk 1:30:44]} 2. c4 {[%clk 1:31:14]} Nc6
{[%clk 1:30:58]} 3. Nc3 {[%clk 1:31:26]} g6 {[%clk 1:30:54]} 4. e3
{[%clk 1:29:56]} Nf6 {[%clk 1:30:12]} 5. d4 {[%clk 1:29:39]} cxd4
{[%clk 1:30:13]} 6. exd4 {[%clk 1:30:01]} d5 {[%clk 1:29:46]} 7. cxd5
{[%clk 1:30:23]} Nxd5 {[%clk 1:30:12]} 8. Qb3 {[%clk 1:30:42]} Nxc3
{[%clk 1:29:53]} 9. Bc4 {[%clk 1:30:52]} Nd5 {[%clk 1:29:29]} 10. Bxd5
{[%clk 1:31:14]} e6 {[%clk 1:29:54]} 11. Bxc6+ {[%clk 1:31:38]} bxc6
{[%clk 1:30:21]} 12. O-O {[%clk 1:31:55]} f6 {[%clk 1:30:23]} 13. Be3
{[%clk 1:26:32]} Qd5 {[%clk 1:28:53]} 14. Nd2 {[%clk 1:26:29]} Be7
{[%clk 1:21:00]} 15. Qc2 {[%clk 1:19:43]} Bb7 {[%clk 1:13:32]} 16. f3
{[%clk 1:19:58]} Kf7 {[%clk 1:13:45]} 17. Ne4 {[%clk 1:20:00]} Rhd8
{[%clk 1:10:45]} 18. Bf2 {[%clk 1:18:18]} Rac8 {[%clk 1:08:27]} 19. Rfe1
{[%clk 1:17:40]} Qf5 {[%clk 1:04:44]} 20. Qb3 {[%clk 1:15:59]} Ba6
{[%clk 1:04:24]} 21. Rac1 {[%clk 1:14:22]} Rb8 {[%clk 0:53:39]} 22. Qe3
{[%clk 1:14:12]} Rxb2 {[%clk 0:42:03]} 23. Rxc6 {[%clk 1:12:33]} Rb6
{[%clk 0:39:29]} 24. Rc7 {[%clk 1:04:02]} Rb7 {[%clk 0:38:49]} 25. g4
{[%clk 0:56:32]} Qd5 {[%clk 0:38:50]} 26. Rxe7+ {[%clk 0:49:45]} Rxe7
{[%clk 0:36:11]} 27. Qh6 {[%clk 0:50:03]} Rf8 {[%clk 0:27:01]} 28. Qxh7+
{[%clk 0:47:15]} Ke8 {[%clk 0:27:27]} 29. Qxg6+ {[%clk 0:47:34]} Kd8
{[%clk 0:27:52]} 30. Qh6 {[%clk 0:46:56]} Ref7 {[%clk 0:26:02]} 31. Rc1
{[%clk 0:41:41]} Bb7 {[%clk 0:21:08]} 32. Rc5 {[%clk 0:37:53]} Qxa2
{[%clk 0:18:56]} 33. Qf4 {[%clk 0:30:50]} Rd7 {[%clk 0:17:43]} 34. Nxf6
{[%clk 0:30:55]} e5 {[%clk 0:06:05]} 35. Qxe5 {[%clk 0:24:50]} Qa1+
{[%clk 0:05:28]} 36. Kg2 {[%clk 0:24:48]} Qd1 {[%clk 0:02:37]} 37. d5
{[%clk 0:24:44]} 1-0